000 00742nam a2200217Ia 4500
003 OSt
005 20250627094650.0
008 210423s2013 xx 000 0 und d
020 _a978-81-265-1905-7
040 _cAL
041 _aeng
082 _a004.24
_223
_bJAIA
100 _aRaj Jain
_9111479
245 _aArt of computer systems performance analysis: techniques for experimental design measurement simulation and modeling
260 _aNew Delhi
_bWiley India Pvt Ltd
_c2013
300 _axxvii,685
_bPB
365 _b449
_cINR
650 _aData Processing
_9111480
906 _aanalysis: ; Art ; computer ; design ; experimental ; measurement ; modeling ; performance ; simulation ; systems ; techniques
942 _2ddc
_cBK
999 _c167067
_d167067